Modern C++ Programming Cookbook / (Record no. 612102)

000 -LEADER
fixed length control field 00425nam a22001457a 4500
020 ## - INTERNATIONAL STANDARD BOOK NUMBER
International Standard Book Number 9781835080542
082 ## - DEWEY DECIMAL CLASSIFICATION NUMBER
Classification number 280 SCB
100 ## - MAIN ENTRY--PERSONAL NAME
Personal name Bancila, Marius
245 ## - TITLE STATEMENT
Title Modern C++ Programming Cookbook /
Statement of responsibility, etc. Marius Bancila
250 ## - EDITION STATEMENT
Edition statement 3rd Edition.
260 ## - PUBLICATION, DISTRIBUTION, ETC.
Place of publication, distribution, etc. Birmingham :
Name of publisher, distributor, etc. Packt Publishing Ltd,
Date of publication, distribution, etc. 2024.
300 ## - PHYSICAL DESCRIPTION
Extent 1262 p. ;
856 ## - Uniform Resource Identifier
Uniform Resource Identifier <a href="http://10.250.8.41:8080/xmlui/handle/123456789/47266">http://10.250.8.41:8080/xmlui/handle/123456789/47266</a>
942 ## - ADDED ENTRY ELEMENTS (KOHA)
Source of classification or shelving scheme
Koha item type Book
Holdings
Withdrawn status Lost status Source of classification or shelving scheme Damaged status Not for loan Permanent Location Current Location Date acquired Total Checkouts Full call number Barcode Date last seen Price effective from Koha item type
          Central Library (CL) Central Library (CL) 10/21/2024   280 SCB 9781835080542 10/21/2024 10/21/2024 Book
© 2023 Central Library, National University of Sciences and Technology. All Rights Reserved.